Ingredients in a Big Mac - Statistics

General Stats
  • This quiz has been taken 220 times
  • The average score is 4 of 7
Answer Stats
Answer % Correct
Sesame Seed Bun
79%
2 Beef Patties
66%
American Cheese
66%
Pickles
65%
Special Sauce
62%
Onions
50%
Iceberg Lettuce
22%
No matching quizzes found
Score Distribution
Percent of People with Each Score
Percentile by Number Answered
Your Score History
You have not taken this quiz